NE-KTA-RYN-KI słowo po słowie - Statystyki

Ogólne statystyki
  • Ten quiz został rozwiązany 12 razy
  • Średni wynik to 9 z 25
Statystyki odpowiedzi
Część Słowo % Poprawnych
Nektarynki nektarynki
100%
Nektarynki ne-kta-ry-nki
100%
Koniec dla
50%
Koniec dla
50%
Papier Babel
38%
Nektarynki i
38%
Papier papieru
38%
Koniec rodziny
38%
Koniec Tesco
38%
Papier W
38%
Papier wieża
38%
Papier budowle
25%
Koniec ciebie
25%
Nektarynki dziewięć
25%
Papier dziewięćdziesiąt
25%
Nektarynki kilo
25%
Nektarynki obcojęzyczni
25%
Nektarynki osiemdziesiąt
25%
Papier pięć
25%
Papier rumiankowego
25%
Papier serii
25%
Papier sześć
25%
Nektarynki trzy
25%
Papier z
25%
Papier za
25%
Nie znaleziono quizów pasujących do podanych kryteriów
Rozkład punktacji
Procent ludzi z każdym wynikiem
Percentyl według liczby udzielonych odpowiedzi
Twoja historia wyników
Nie rozwiązałeś tego quizu